00454 2200181 4500001002100000005001500021035002000036245005400056100001800110250000600128300003200134260003900166082001000205084001600215020000600231600001800237990001700255INLIS00000000000149620230224033009 a0010-02230000011 aKumpulan Cerita Rakyat Nusantara /cMB. Rahimsyah0 aMB. Rahimsyah a- a128 hlm. :bilus. ;c24 cm. a[ s.i ] :bMutiara Agung,c[ s.a ] a398.2 a398.2 RAH k a- 4aCerita Rakyat a04993/H/2023